Statistics for Countries that borders France by their official names.

Click here to take the quiz!

General Stats

  • This quiz has been taken 4 times
  • The average score is 6 of 10

Answer Stats

Country% Correct
Federal Republic of Germany
75%
Kingdom of Belgium
75%
Kingdom of Spain
75%
Grand Duchy of Luxembourg
50%
Italian Republic
50%
Principality of Andorra
50%
Principality of Monaco
50%
Republic of Suriname
50%
Swiss Confederation
50%
Federative Republic of Brazil
25%

Score Distribution

Percentile by Number Answered

Percent of People with Each Score

Your Score History

You have not taken this quiz